| 000 | 00643nam a2200205Ia 4500 | ||
|---|---|---|---|
| 008 | 130821s1990 sp gr spa | ||
| 020 | _a9788433535023 | ||
| 040 |
_aCo-BoUCM _bspa |
||
| 041 | 0 | 0 | _aspa |
| 060 |
_aBF 100 _bP579s 3a. ed. |
||
| 100 |
_aPiaget, Jean _92586 |
||
| 245 | 0 | 0 |
_aSeis estudios de psicología _cJean Piaget ; Traducción de Nuri Petit |
| 250 | _a3a. ed. | ||
| 260 |
_aBarcelona (España) _bAriel _c1990 |
||
| 300 | _a225 páginas | ||
| 490 | _a[Colección Ariel, 3] | ||
| 500 | _aTítulo original : Six études de psychologie | ||
| 650 | 0 | 4 |
_aPsicología _98001 |
| 942 |
_cLIBRO _a26 _e3 _mP579S _2NLM _hBF 100 _n0 |
||
| 999 |
_c79810 _d79810 |
||